| 000 | 00516nam a2200169 i 4500 | ||
|---|---|---|---|
| 001 | 33308 | ||
| 003 | ES-MaACL | ||
| 007 | t| | ||
| 008 | 030202s1981 sp ||||1| spa d | ||
| 100 | 1 |
_aBesse, Jean. _928597 |
|
| 245 | 1 | 3 |
_aLa alimentación del ganado / _cJean Besse ; versión... de Julio Gallego García. |
| 250 | _a2ª ed., rev. y amp. | ||
| 260 |
_aMadrid : _bMundi-Prensa, _c1981. |
||
| 300 |
_a383 p. : _bil. ; _c22 cm. |
||
| 700 | 1 |
_aGallego García, Julio. _953566 |
|
| 852 |
_aES-MaACL _jL-3656 _bR.103799 |
||
| 999 |
_c33308 _d33308 |
||